Normal view
MARC view
- تأليف النحوي، موفق الدين بن يعيش
Entry Personal Name
001 - CONTROL NUMBER
- control field: 26999
003 - CONTROL NUMBER IDENTIFIER
- control field: JO-AjAnu
005 - DATE AND TIME OF LATEST TRANSACTION
- control field: 20230606074607.0
008 - FIXED-LENGTH DATA ELEMENTS
- fixed length control field: 230606|| aca||aabn | a|a d
040 ## - CATALOGING SOURCE
- Original cataloging agency: JO-AjAnu
- Transcribing agency: JO-AjAnu
100 ## - HEADING--PERSONAL NAME
- Personal name: تأليف النحوي، موفق الدين بن يعيش
670 ## - SOURCE DATA FOUND
- Source citation: Work cat.: (JO-AjAnu)13869: تأليف النحوي، موفق الدين بن يعيش, author, شرح المفصل